Statistics for Name Countries By Their Shapes

Click here to take the quiz!

General Stats

  • This quiz has been taken 32 times
  • The average score is 7 of 8

Answer Stats

Answer% Correct
Australia
100%
India
100%
Japan
100%
United Kingdom
100%
Argentina
90%
China
90%
Indonesia
90%
Iraq
70%

Score Distribution

Percentile by Number Answered

Percent of People with Each Score

Your Score History

You have not taken this quiz